| 000 | 00000cam 2200000zi 4500 |
| 001 | 9.963107 |
| 003 | CaOODSP |
| 005 | 20260527102839 |
| 006 | m o d f |
| 007 | cr mn||||||||| |
| 008 | 260527e20030626onca obf f000 0 fre d |
| 040 | |aCaOODSP|bfre|erda|cCaOODSP |
| 043 | |an-cn--- |
| 086 | 1 |aT52-4/296-2005F-PDF |
| 245 | 00|aAviation civile : |bprocessus d'élaboration des instructions de maintenance. |
| 246 | 13|aProcessus d'élaboration des instructions de maintenance |
| 264 | 1|a[Ottawa] : |bTransports Canada = Transport Canada, |c26 juin 2003. |
| 264 | 4|c©2005 |
| 300 | |a1 ressource en ligne (40 pages) : |billustrations (certaines en couleur) |
| 336 | |atexte|btxt|2rdacontent/fre |
| 337 | |ainformatique|bc|2rdamedia/fre |
| 338 | |aressource en ligne|bcr|2rdacarrier/fre |
| 500 | |aPublié aussi en anglais sous le titre : Civil aviation: scheduled maintenance instruction development processes manual. |
| 500 | |aTitre de la couverture. |
| 500 | |a« TP 13850F (06/2003). » |
| 500 | |a« Version originale : le 26 juin 2003. » |
| 500 | |a« TC-1001624 » -- Verso de la couverture. |
| 504 | |aComprend des références bibliographiques. |
| 520 | |a« La présente publication de Transports Canada contient les procédures acceptables et les directives d'élaboration d'instructions de maintenance planifiée dans le cadre d'un processus de démonstration du respect des normes de maintien de la navigabilité pour les aéronefs ayant obtenu leur certification de type ou faisant l'objet d'une demande de certification de type au Canada. Les instructions de maintenance planifiée seront élaborées par l'entremise d'un comité d'étude de la maintenance (CEM), d'un comité d'étude de la maintenance de type (CMT) ou d'un processus interne du constructeur. Selon le cas, les instructions de maintenance planifiée seront publiées sous la forme d'un rapport du comité d'étude de la maintenance (RCEM) ou de recommandations du constructeur et, comme telles, feront partie des instructions de maintien de la navigabilité (IMN) » -- Objectif, page 2. |
| 650 | 6|aAéronefs|zCanada|xEntretien et réparations|xPlanification|vGuides, manuels, etc. |
| 650 | 6|aEmploi du temps|zCanada|vGuides, manuels, etc. |
| 655 | 7|aGuides et manuels|2rvmgf |
| 710 | 1 |aCanada. |bTransports Canada, |eorganisme de publication. |
| 775 | 08|tCivil aviation : |w(CaOODSP)9.961734 |
| 856 | 40|qPDF|s273 Ko|uhttps://publications.gc.ca/collections/collection_2026/tc/T52-4-296-2005-fra.pdf |
| 986 | |aTP 13850F |
| 986 | |aTC-1001624 |